Statistieken voor 20 Willekeurige Punten op een Grensloze Wereldkaart

Klik hier om de quiz te nemen!

Algemene statistieken

  • Deze quiz is 41.287 keer genomen
  • De gemiddelde score is 14 van 20

Antwoorden op de kaart

Antwoorden kleurgecodeerd door een groen-rode schaal op de quizkaart volgens % correct hieronder.
 

Antwoordstatistieken

Land% Correct
Argentinië
100%
Australië
100%
Australië
100%
Australië
100%
Australië
100%
België
100%
Brazilië
100%
Brazilië
100%
Brazilië
100%
Brazilië
100%
Brazilië
100%
Brazilië
100%
Brazilië
100%
Brazilië
100%
Brazilië
100%
Brazilië
100%
Brazilië
100%
Brazilië
100%
Brazilië
100%
Brazilië
100%
Brazilië
100%
Canada
100%
Canada
100%
Canada
100%
Canada
100%
Canada
100%
Canada
100%
Canada
100%
Canada
100%
Canada
100%
Canada
100%
Canada
100%
Canada
100%
Canada
100%
Canada
100%
Canada
100%
Canada
100%
Canada
100%
Canada
100%
Canada
100%
Canada
100%
Canada
100%
Canada
100%
Canada
100%
Canada
100%
Canada
100%
Canada
100%
Canada
100%
Canada
100%
Canada
100%
Canada
100%
Canada
100%
Canada
100%
Canada
100%
Canada
100%
Canada
100%
Canada
100%
Canada
100%
Canada
100%
Canada
100%
Canada
100%
Canada
100%
Canada
100%
Canada
100%
Canada
100%
Canada
100%
Canada
100%
Canada
100%
Canada
100%
Canada
100%
Canada
100%
Canada
100%
Canada
100%
Canada
100%
Canada
100%
Canada
100%
Canada
100%
Canada
100%
Canada
100%
Canada
100%
Canada
100%
Canada
100%
Canada
100%
Canada
100%
Canada
100%
Canada
100%
Canada
100%
Canada
100%
Canada
100%
Canada
100%
Canada
100%
Canada
100%
Canada
100%
Canada
100%
Canada
100%
Canada
100%
Canada
100%
Canada
100%
Canada
100%
Canada
100%
Canada
100%
Canada
100%
Canada
100%
Canada
100%
Canada
100%
Canada
100%
Canada
100%
Canada
100%
Canada
100%
Canada
100%
Canada
100%
Canada
100%
Canada
100%
Canada
100%
Canada
100%
Canada
100%
Canada
100%
Canada
100%
Canada
100%
Canada
100%
Canada
100%
Canada
100%
Canada
100%
Canada
100%
Canada
100%
Canada
100%
Canada
100%
Canada
100%
Canada
100%
Canada
100%
Canada
100%
Canada
100%
Canada
100%
Canada
100%
Canada
100%
Canada
100%
Canada
100%
Canada
100%
Canada
100%
Canada
100%
Canada
100%
Canada
100%
Canada
100%
Canada
100%
Canada
100%
Canada
100%
Canada
100%
Canada
100%
Canada
100%
Canada
100%
Canada
100%
Canada
100%
Canada
100%
Canada
100%
Canada
100%
Canada
100%
Canada
100%
Canada
100%
Canada
100%
Canada
100%
Canada
100%
Canada
100%
Canada
100%
Canada
100%
Canada
100%
Canada
100%
Canada
100%
Canada
100%
Canada
100%
Canada
100%
Chili
100%
China
100%
China
100%
China
100%
China
100%
China
100%
China
100%
China
100%
China
100%
China
100%
Denemarken
100%
Denemarken
100%
Denemarken
100%
Denemarken
100%
Denemarken
100%
Denemarken
100%
Finland
100%
Frankrijk
100%
Frankrijk
100%
Frankrijk
100%
Ierland
100%
Ierland
100%
Ierland
100%
India
100%
India
100%
Indonesië
100%
Italië
100%
Marokko
100%
Marokko
100%
Mexico
100%
Mexico
100%
Mexico
100%
Mexico
100%
Mexico
100%
Mexico
100%
Mongolië
100%
Noorwegen
100%
Noorwegen
100%
Noorwegen
100%
Noorwegen
100%
Noorwegen
100%
Portugal
100%
Portugal
100%
Rusland
100%
Rusland
100%
Rusland
100%
Rusland
100%
Rusland
100%
Rusland
100%
Rusland
100%
Rusland
100%
Rusland
100%
Rusland
100%
Rusland
100%
Rusland
100%
Rusland
100%
Rusland
100%
Rusland
100%
Rusland
100%
Rusland
100%
Rusland
100%
Rusland
100%
Rusland
100%
Rusland
100%
Rusland
100%
Rusland
100%
Rusland
100%
Rusland
100%
Rusland
100%
Rusland
100%
Rusland
100%
Rusland
100%
Rusland
100%
Rusland
100%
Rusland
100%
Rusland
100%
Rusland
100%
Rusland
100%
Rusland
100%
Rusland
100%
Rusland
100%
Rusland
100%
Rusland
100%
Rusland
100%
Rusland
100%
Rusland
100%
Rusland
100%
Rusland
100%
Rusland
100%
Rusland
100%
Rusland
100%
Rusland
100%
Rusland
100%
Rusland
100%
Rusland
100%
Rusland
100%
Rusland
100%
Rusland
100%
Rusland
100%
Rusland
100%
Rusland
100%
Rusland
100%
Rusland
100%
Rusland
100%
Rusland
100%
Rusland
100%
Rusland
100%
Rusland
100%
Rusland
100%
Rusland
100%
Rusland
100%
Rusland
100%
Rusland
100%
Rusland
100%
Rusland
100%
Rusland
100%
Rusland
100%
Rusland
100%
Rusland
100%
Rusland
100%
Rusland
100%
Rusland
100%
Rusland
100%
Rusland
100%
Rusland
100%
Rusland
100%
Rusland
100%
Rusland
100%
Rusland
100%
Rusland
100%
Rusland
100%
Rusland
100%
Rusland
100%
Rusland
100%
Rusland
100%
Rusland
100%
Rusland
100%
Rusland
100%
Rusland
100%
Rusland
100%
Rusland
100%
Rusland
100%
Rusland
100%
Rusland
100%
Rusland
100%
Rusland
100%
Rusland
100%
Rusland
100%
Rusland
100%
Rusland
100%
Rusland
100%
Rusland
100%
Rusland
100%
Rusland
100%
Rusland
100%
Rusland
100%
Rusland
100%
Rusland
100%
Rusland
100%
Rusland
100%
Rusland
100%
Spanje
100%
Spanje
100%
Spanje
100%
Spanje
100%
Spanje
100%
Turkije
100%
Verenigde Staten
100%
Verenigde Staten
100%
Verenigde Staten
100%
Verenigde Staten
100%
Verenigde Staten
100%
Verenigde Staten
100%
Verenigde Staten
100%
Verenigde Staten
100%
Verenigde Staten
100%
Verenigde Staten
100%
Verenigde Staten
100%
Verenigde Staten
100%
Verenigde Staten
100%
Verenigde Staten
100%
Verenigde Staten
100%
Verenigde Staten
100%
Verenigde Staten
100%
Verenigde Staten
100%
Verenigde Staten
100%
Verenigde Staten
100%
Verenigde Staten
100%
Verenigde Staten
100%
Verenigde Staten
100%
Verenigde Staten
100%
Verenigde Staten
100%
Verenigde Staten
100%
Verenigde Staten
100%
Verenigde Staten
100%
Verenigde Staten
100%
Verenigde Staten
100%
Verenigde Staten
100%
Verenigde Staten
100%
Verenigde Staten
100%
Verenigde Staten
100%
Verenigde Staten
100%
Verenigde Staten
100%
Verenigde Staten
100%
Verenigde Staten
100%
Verenigde Staten
100%
Verenigde Staten
100%
Verenigde Staten
100%
Verenigde Staten
100%
Verenigde Staten
100%
Verenigde Staten
100%
Verenigde Staten
100%
Verenigde Staten
100%
Verenigde Staten
100%
Verenigde Staten
100%
Verenigde Staten
100%
Verenigde Staten
100%
Verenigde Staten
100%
Verenigde Staten
100%
Verenigde Staten
100%
Verenigde Staten
100%
Verenigde Staten
100%
Verenigde Staten
100%
Verenigde Staten
100%
Verenigde Staten
100%
Verenigde Staten
100%
Verenigde Staten
100%
Verenigde Staten
100%
Verenigde Staten
100%
Verenigde Staten
100%
Verenigde Staten
100%
Verenigde Staten
100%
Verenigde Staten
100%
Verenigde Staten
100%
Verenigde Staten
100%
Verenigde Staten
100%
Verenigde Staten
100%
Verenigde Staten
100%
Verenigde Staten
100%
Verenigde Staten
100%
Verenigde Staten
100%
Verenigde Staten
100%
Verenigde Staten
100%
Verenigde Staten
100%
Verenigde Staten
100%
Verenigde Staten
100%
Verenigde Staten
100%
Verenigde Staten
100%
Verenigde Staten
100%
Verenigde Staten
100%
Verenigde Staten
100%
Verenigde Staten
100%
Verenigde Staten
100%
Verenigde Staten
100%
Verenigde Staten
100%
Verenigde Staten
100%
Verenigde Staten
100%
Verenigde Staten
100%
Verenigde Staten
100%
Verenigde Staten
100%
Verenigde Staten
100%
Verenigde Staten
100%
Verenigde Staten
100%
Verenigde Staten
100%
Verenigde Staten
100%
Verenigde Staten
100%
Verenigde Staten
100%
Verenigde Staten
100%
Verenigde Staten
100%
Verenigde Staten
100%
Verenigd Koninkrijk
100%
Verenigd Koninkrijk
100%
Verenigd Koninkrijk
100%
Verenigd Koninkrijk
100%
Zweden
100%
Zweden
100%
Australië
96%
Brazilië
96%
Canada
96%
Canada
96%
Canada
96%
Canada
96%
Canada
96%
Canada
96%
Canada
96%
Canada
96%
Canada
96%
Canada
96%
Denemarken
96%
Rusland
96%
Rusland
96%
Rusland
96%
Rusland
96%
Rusland
96%
Rusland
96%
Rusland
96%
Rusland
96%
Rusland
96%
Rusland
96%
Rusland
96%
Rusland
96%
Rusland
96%
Rusland
96%
Verenigde Staten
96%
Verenigde Staten
96%
Verenigde Staten
96%
Verenigde Staten
96%
Verenigde Staten
96%
Verenigde Staten
96%
Zweden
96%
Algerije
95%
Australië
95%
Brazilië
95%
Brazilië
95%
Brazilië
95%
Brazilië
95%
Brazilië
95%
Brazilië
95%
Brazilië
95%
Brazilië
95%
Canada
95%
Canada
95%
Canada
95%
Canada
95%
Canada
95%
Canada
95%
Canada
95%
Canada
95%
Canada
95%
Canada
95%
Canada
95%
Canada
95%
Canada
95%
Canada
95%
Canada
95%
Canada
95%
Canada
95%
Canada
95%
Canada
95%
Canada
95%
Canada
95%
Canada
95%
Canada
95%
Canada
95%
Canada
95%
Canada
95%
Canada
95%
Canada
95%
Canada
95%
Canada
95%
Canada
95%
Canada
95%
Canada
95%
Canada
95%
Canada
95%
Canada
95%
China
95%
China
95%
China
95%
China
95%
China
95%
China
95%
Cuba
95%
Finland
95%
Frankrijk
95%
Mexico
95%
Rusland
95%
Rusland
95%
Rusland
95%
Rusland
95%
Rusland
95%
Rusland
95%
Rusland
95%
Rusland
95%
Rusland
95%
Rusland
95%
Rusland
95%
Rusland
95%
Rusland
95%
Rusland
95%
Rusland
95%
Rusland
95%
Rusland
95%
Rusland
95%
Rusland
95%
Rusland
95%
Rusland
95%
Rusland
95%
Rusland
95%
Rusland
95%
Rusland
95%
Rusland
95%
Rusland
95%
Rusland
95%
Rusland
95%
Rusland
95%
Rusland
95%
Rusland
95%
Rusland
95%
Rusland
95%
Rusland
95%
Rusland
95%
Rusland
95%
Rusland
95%
Rusland
95%
Rusland
95%
Spanje
95%
Turkije
95%
Turkije
95%
Verenigde Staten
95%
Verenigde Staten
95%
Verenigde Staten
95%
Verenigde Staten
95%
Verenigde Staten
95%
Verenigde Staten
95%
Verenigde Staten
95%
Verenigde Staten
95%
Verenigde Staten
95%
Verenigde Staten
95%
Verenigde Staten
95%
Verenigde Staten
95%
Verenigde Staten
95%
Verenigde Staten
95%
Verenigde Staten
95%
Verenigde Staten
95%
Verenigde Staten
95%
Verenigde Staten
95%
Verenigde Staten
95%
Verenigde Staten
95%
Verenigde Staten
95%
Verenigde Staten
95%
Verenigde Staten
95%
Verenigde Staten
95%
Verenigde Staten
95%
Verenigde Staten
95%
Verenigde Staten
95%
Verenigde Staten
95%
Verenigde Staten
95%
Verenigde Staten
95%
Australië
94%
Australië
94%
Australië
94%
Australië
94%
Brazilië
94%
Brazilië
94%
Brazilië
94%
Brazilië
94%
Brazilië
94%
Brazilië
94%
Brazilië
94%
Canada
94%
Canada
94%
Canada
94%
Canada
94%
Canada
94%
Canada
94%
Canada
94%
Canada
94%
Canada
94%
Canada
94%
Canada
94%
Canada
94%
Canada
94%
Canada
94%
Canada
94%
Canada
94%
Canada
94%
Canada
94%
Canada
94%
Canada
94%
Canada
94%
Canada
94%
Canada
94%
Canada
94%
Canada
94%
Canada
94%
Canada
94%
Chili
94%
China
94%
China
94%
Denemarken
94%
Denemarken
94%
Denemarken
94%
Denemarken
94%
Denemarken
94%
Duitsland
94%
Frankrijk
94%
IJsland
94%
India
94%
India
94%
Italië
94%
Mexico
94%
Mexico
94%
Mexico
94%
Mexico
94%
Noorwegen
94%
Rusland
94%
Rusland
94%
Rusland
94%
Rusland
94%
Rusland
94%
Rusland
94%
Rusland
94%
Rusland
94%
Rusland
94%
Rusland
94%
Rusland
94%
Rusland
94%
Rusland
94%
Rusland
94%
Rusland
94%
Rusland
94%
Rusland
94%
Rusland
94%
Rusland
94%
Rusland
94%
Rusland
94%
Rusland
94%
Rusland
94%
Rusland
94%
Rusland
94%
Rusland
94%
Rusland
94%
Rusland
94%
Rusland
94%
Rusland
94%
Rusland
94%
Rusland
94%
Rusland
94%
Rusland
94%
Rusland
94%
Rusland
94%
Rusland
94%
Rusland
94%
Rusland
94%
Rusland
94%
Rusland
94%
Rusland
94%
Rusland
94%
Rusland
94%
Rusland
94%
Rusland
94%
Rusland
94%
Rusland
94%
Rusland
94%
Verenigde Staten
94%
Verenigde Staten
94%
Verenigde Staten
94%
Verenigde Staten
94%
Verenigde Staten
94%
Verenigde Staten
94%
Verenigde Staten
94%
Verenigde Staten
94%
Verenigde Staten
94%
Verenigde Staten
94%
Verenigde Staten
94%
Verenigde Staten
94%
Verenigde Staten
94%
Verenigde Staten
94%
Verenigde Staten
94%
Verenigde Staten
94%
Verenigde Staten
94%
Verenigde Staten
94%
Verenigde Staten
94%
Verenigde Staten
94%
Verenigde Staten
94%
Verenigde Staten
94%
Zweden
94%
Algerije
93%
Argentinië
93%
Argentinië
93%
Argentinië
93%
Australië
93%
Australië
93%
Australië
93%
Brazilië
93%
Brazilië
93%
Brazilië
93%
Brazilië
93%
Brazilië
93%
Brazilië
93%
Canada
93%
Canada
93%
Canada
93%
Canada
93%
Canada
93%
Canada
93%
Canada
93%
Canada
93%
Canada
93%
Canada
93%
Canada
93%
Canada
93%
Canada
93%
Canada
93%
Canada
93%
Canada
93%
Canada
93%
Canada
93%
Canada
93%
Canada
93%
Canada
93%
China
93%
China
93%
China
93%
China
93%
China
93%
China
93%
Denemarken
93%
Denemarken
93%
Denemarken
93%
Finland
93%
Finland
93%
India
93%
India
93%
Irak
93%
Madagaskar
93%
Mexico
93%
Noorwegen
93%
Noorwegen
93%
Peru
93%
Rusland
93%
Rusland
93%
Rusland
93%
Rusland
93%
Rusland
93%
Rusland
93%
Rusland
93%
Rusland
93%
Rusland
93%
Rusland
93%
Rusland
93%
Rusland
93%
Rusland
93%
Rusland
93%
Rusland
93%
Rusland
93%
Rusland
93%
Rusland
93%
Rusland
93%
Rusland
93%
Rusland
93%
Rusland
93%
Rusland
93%
Rusland
93%
Rusland
93%
Verenigde Staten
93%
Verenigde Staten
93%
Verenigde Staten
93%
Verenigde Staten
93%
Verenigde Staten
93%
Verenigde Staten
93%
Verenigde Staten
93%
Verenigde Staten
93%
Verenigde Staten
93%
Verenigde Staten
93%
Verenigde Staten
93%
Verenigde Staten
93%
Verenigde Staten
93%
Verenigde Staten
93%
Verenigd Koninkrijk
93%
Zuid-Afrika
93%
Zweden
93%
Zweden
93%
Argentinië
92%
Argentinië
92%
Australië
92%
Australië
92%
Australië
92%
Australië
92%
Australië
92%
Australië
92%
Australië
92%
België
92%
Brazilië
92%
Brazilië
92%
Brazilië
92%
Brazilië
92%
Brazilië
92%
Brazilië
92%
Canada
92%
Canada
92%
Canada
92%
Canada
92%
Canada
92%
Canada
92%
Canada
92%
Canada
92%
Canada
92%
Canada
92%
Canada
92%
Canada
92%
Canada
92%
Canada
92%
Canada
92%
Canada
92%
Chili
92%
Chili
92%
Chili
92%
China
92%
China
92%
Colombia
92%
Democratische Republiek Congo
92%
Finland
92%
India
92%
India
92%
Italië
92%
Kazachstan
92%
Mexico
92%
Mexico
92%
Mexico
92%
Noorwegen
92%
Noorwegen
92%
Peru
92%
Rusland
92%
Rusland
92%
Rusland
92%
Rusland
92%
Rusland
92%
Rusland
92%
Rusland
92%
Rusland
92%
Rusland
92%
Rusland
92%
Rusland
92%
Rusland
92%
Rusland
92%
Rusland
92%
Rusland
92%
Rusland
92%
Rusland
92%
Rusland
92%
Rusland
92%
Rusland
92%
Rusland
92%
Rusland
92%
Rusland
92%
Rusland
92%
Rusland
92%
Rusland
92%
Rusland
92%
Rusland
92%
Rusland
92%
Rusland
92%
Rusland
92%
Rusland
92%
Rusland
92%
Rusland
92%
Rusland
92%
Somalië
92%
Verenigde Staten
92%
Verenigde Staten
92%
Verenigde Staten
92%
Verenigde Staten
92%
Verenigde Staten
92%
Verenigde Staten
92%
Verenigde Staten
92%
Verenigde Staten
92%
Verenigde Staten
92%
Verenigde Staten
92%
Verenigde Staten
92%
Verenigde Staten
92%
Verenigde Staten
92%
Verenigde Staten
92%
Zuid-Afrika
92%
Zweden
92%
Zweden
92%
Argentinië
91%
Argentinië
91%
Argentinië
91%
Australië
91%
Australië
91%
Australië
91%
Brazilië
91%
Brazilië
91%
Canada
91%
Canada
91%
Canada
91%
Canada
91%
Canada
91%
Canada
91%
Canada
91%
Canada
91%
Canada
91%
Chili
91%
China
91%
China
91%
Denemarken
91%
Duitsland
91%
India
91%
India
91%
India
91%
Jemen
91%
Mali
91%
Marokko
91%
Rusland
91%
Rusland
91%
Rusland
91%
Rusland
91%
Rusland
91%
Rusland
91%
Rusland
91%
Rusland
91%
Rusland
91%
Rusland
91%
Rusland
91%
Rusland
91%
Rusland
91%
Rusland
91%
Rusland
91%
Rusland
91%
Rusland
91%
Rusland
91%
Rusland
91%
Rusland
91%
Saoedi-Arabië
91%
Spanje
91%
Verenigde Staten
91%
Verenigde Staten
91%
Verenigde Staten
91%
Verenigde Staten
91%
Verenigde Staten
91%
Verenigde Staten
91%
Verenigde Staten
91%
Verenigd Koninkrijk
91%
Zuid-Afrika
91%
Zweden
91%
Zweden
91%
Argentinië
90%
Australië
90%
Brazilië
90%
Brazilië
90%
Brazilië
90%
Canada
90%
Canada
90%
Canada
90%
Canada
90%
Canada
90%
Canada
90%
Canada
90%
Canada
90%
Canada
90%
Chili
90%
China
90%
China
90%
China
90%
China
90%
China
90%
Denemarken
90%
Denemarken
90%
Denemarken
90%
Denemarken
90%
Denemarken
90%
Duitsland
90%
Egypte
90%
Finland
90%
Frankrijk
90%
IJsland
90%
IJsland
90%
Marokko
90%
Marokko
90%
Mexico
90%
Mexico
90%
Rusland
90%
Rusland
90%
Rusland
90%
Rusland
90%
Rusland
90%
Rusland
90%
Rusland
90%
Rusland
90%
Rusland
90%
Rusland
90%
Rusland
90%
Rusland
90%
Rusland
90%
Rusland
90%
Rusland
90%
Rusland
90%
Rusland
90%
Rusland
90%
Rusland
90%
Rusland
90%
Rusland
90%
Rusland
90%
Rusland
90%
Rusland
90%
Rusland
90%
Rusland
90%
Spanje
90%
Spanje
90%
Verenigde Staten
90%
Verenigde Staten
90%
Verenigde Staten
90%
Verenigde Staten
90%
Verenigde Staten
90%
Verenigde Staten
90%
Verenigde Staten
90%
Verenigd Koninkrijk
90%
Zuid-Afrika
90%
Zuid-Afrika
90%
Zuid-Afrika
90%
Zweden
90%
Zwitserland
90%
Argentinië
89%
Argentinië
89%
Australië
89%
Australië
89%
Australië
89%
Australië
89%
Australië
89%
Australië
89%
Australië
89%
Australië
89%
Brazilië
89%
Brazilië
89%
Brazilië
89%
Brazilië
89%
Brazilië
89%
Brazilië
89%
Brazilië
89%
Canada
89%
Canada
89%
Canada
89%
Canada
89%
Canada
89%
Canada
89%
Canada
89%
Canada
89%
Canada
89%
Canada
89%
Canada
89%
Canada
89%
Canada
89%
Canada
89%
Chili
89%
Chili
89%
China
89%
China
89%
China
89%
China
89%
China
89%
China
89%
China
89%
China
89%
Denemarken
89%
Denemarken
89%
Denemarken
89%
Denemarken
89%
Denemarken
89%
Duitsland
89%
Egypte
89%
Indonesië
89%
Italië
89%
Japan
89%
Madagaskar
89%
Madagaskar
89%
Mexico
89%
Mexico
89%
Nederland
89%
Noorwegen
89%
Peru
89%
Portugal
89%
Rusland
89%
Rusland
89%
Rusland
89%
Rusland
89%
Rusland
89%
Rusland
89%
Rusland
89%
Rusland
89%
Rusland
89%
Rusland
89%
Rusland
89%
Rusland
89%
Rusland
89%
Rusland
89%
Rusland
89%
Rusland
89%
Rusland
89%
Rusland
89%
Rusland
89%
Rusland
89%
Rusland
89%
Rusland
89%
Rusland
89%
Rusland
89%
Rusland
89%
Rusland
89%
Rusland
89%
Rusland
89%
Rusland
89%
Rusland
89%
Saoedi-Arabië
89%
Verenigde Staten
89%
Verenigde Staten
89%
Verenigde Staten
89%
Verenigde Staten
89%
Verenigde Staten
89%
Verenigde Staten
89%
Verenigd Koninkrijk
89%
Argentinië
88%
Argentinië
88%
Argentinië
88%
Australië
88%
Australië
88%
Australië
88%
Australië
88%
Australië
88%
Australië
88%
Australië
88%
Australië
88%
Brazilië
88%
Brazilië
88%
Brazilië
88%
Brazilië
88%
Brazilië
88%
Brazilië
88%
Brazilië
88%
Canada
88%
Canada
88%
Canada
88%
Canada
88%
Canada
88%
Canada
88%
Canada
88%
Canada
88%
Canada
88%
Canada
88%
Canada
88%
Canada
88%
China
88%
China
88%
China
88%
China
88%
China
88%
China
88%
China
88%
China
88%
China
88%
China
88%
Denemarken
88%
Denemarken
88%
Denemarken
88%
Denemarken
88%
Egypte
88%
Estland
88%
India
88%
India
88%
India
88%
India
88%
Italië
88%
Italië
88%
Italië
88%
Japan
88%
Madagaskar
88%
Mexico
88%
Mexico
88%
Mexico
88%
Peru
88%
Peru
88%
Polen
88%
Rusland
88%
Rusland
88%
Rusland
88%
Rusland
88%
Rusland
88%
Rusland
88%
Rusland
88%
Rusland
88%
Rusland
88%
Rusland
88%
Rusland
88%
Rusland
88%
Rusland
88%
Rusland
88%
Rusland
88%
Rusland
88%
Rusland
88%
Rusland
88%
Rusland
88%
Rusland
88%
Rusland
88%
Rusland
88%
Rusland
88%
Rusland
88%
Rusland
88%
Rusland
88%
Rusland
88%
Rusland
88%
Rusland
88%
Rusland
88%
Rusland
88%
Rusland
88%
Rusland
88%
Saoedi-Arabië
88%
Spanje
88%
Spanje
88%
Verenigde Staten
88%
Verenigde Staten
88%
Verenigde Staten
88%
Verenigde Staten
88%
Verenigde Staten
88%
Verenigde Staten
88%
Verenigde Staten
88%
Verenigde Staten
88%
Verenigde Staten
88%
Verenigd Koninkrijk
88%
Argentinië
87%
Australië
87%
Australië
87%
Australië
87%
Australië
87%
Brazilië
87%
Brazilië
87%
Canada
87%
Canada
87%
Canada
87%
Canada
87%
Canada
87%
Canada
87%
Canada
87%
Canada
87%
Canada
87%
Chili
87%
Chili
87%
China
87%
China
87%
China
87%
China
87%
Denemarken
87%
Egypte
87%
Egypte
87%
India
87%
India
87%
Madagaskar
87%
Madagaskar
87%
Mexico
87%
Mongolië
87%
Nederland
87%
Noorwegen
87%
Rusland
87%
Rusland
87%
Rusland
87%
Rusland
87%
Rusland
87%
Rusland
87%
Rusland
87%
Rusland
87%
Rusland
87%
Rusland
87%
Rusland
87%
Rusland
87%
Rusland
87%
Rusland
87%
Rusland
87%
Rusland
87%
Saoedi-Arabië
87%
Spanje
87%
Tunesië
87%
Turkije
87%
Verenigde Staten
87%
Verenigde Staten
87%
Verenigde Staten
87%
Verenigd Koninkrijk
87%
Zuid-Afrika
87%
Argentinië
86%
Argentinië
86%
Australië
86%
Australië
86%
Australië
86%
Australië
86%
Australië
86%
Bolivia
86%
Bolivia
86%
Brazilië
86%
Brazilië
86%
Brazilië
86%
Brazilië
86%
Canada
86%
Canada
86%
Canada
86%
Chili
86%
China
86%
China
86%
China
86%
China
86%
China
86%
China
86%
China
86%
China
86%
China
86%
China
86%
China
86%
China
86%
Cuba
86%
Denemarken
86%
Denemarken
86%
Denemarken
86%
Frankrijk
86%
Frankrijk
86%
Griekenland
86%
India
86%
Japan
86%
Madagaskar
86%
Marokko
86%
Mexico
86%
Mexico
86%
Mongolië
86%
Noorwegen
86%
Noorwegen
86%
Rusland
86%
Rusland
86%
Rusland
86%
Rusland
86%
Rusland
86%
Rusland
86%
Rusland
86%
Rusland
86%
Rusland
86%
Rusland
86%
Rusland
86%
Rusland
86%
Rusland
86%
Rusland
86%
Rusland
86%
Rusland
86%
Rusland
86%
Rusland
86%
Rusland
86%
Rusland
86%
Turkije
86%
Turkije
86%
Verenigde Staten
86%
Verenigde Staten
86%
Verenigde Staten
86%
Verenigde Staten
86%
Verenigd Koninkrijk
86%
Verenigd Koninkrijk
86%
Zuid-Afrika
86%
Australië
85%
Australië
85%
Australië
85%
Australië
85%
Australië
85%
Brazilië
85%
Brazilië
85%
Brazilië
85%
Brazilië
85%
Brazilië
85%
Canada
85%
Canada
85%
Chili
85%
Chili
85%
China
85%
China
85%
Colombia
85%
Denemarken
85%
Denemarken
85%
Denemarken
85%
Denemarken
85%
Denemarken
85%
Denemarken
85%
Egypte
85%
Frankrijk
85%
IJsland
85%
India
85%
India
85%
India
85%
India
85%
Mexico
85%
Mexico
85%
Mexico
85%
Mongolië
85%
Mongolië
85%
Oman
85%
Rusland
85%
Rusland
85%
Rusland
85%
Rusland
85%
Rusland
85%
Rusland
85%
Rusland
85%
Rusland
85%
Rusland
85%
Rusland
85%
Rusland
85%
Rusland
85%
Rusland
85%
Rusland
85%
Rusland
85%
Rusland
85%
Rusland
85%
Rusland
85%
Saoedi-Arabië
85%
Spanje
85%
Verenigde Staten
85%
Verenigde Staten
85%
Verenigde Staten
85%
Verenigde Staten
85%
Verenigde Staten
85%
Verenigde Staten
85%
Zuid-Afrika
85%
Zweden
85%
Zweden
85%
Zweden
85%
Algerije
84%
Argentinië
84%
Argentinië
84%
Australië
84%
Australië
84%
Australië
84%
Brazilië
84%
Brazilië
84%
Brazilië
84%
China
84%
China
84%
China
84%
Finland
84%
Mexico
84%
Rusland
84%
Rusland
84%
Rusland
84%
Rusland
84%
Rusland
84%
Rusland
84%
Rusland
84%
Rusland
84%
Rusland
84%
Rusland
84%
Verenigde Staten
84%
Verenigde Staten
84%
Zuid-Afrika
84%
Algerije
83%
Argentinië
83%
Argentinië
83%
Argentinië
83%
Australië
83%
Australië
83%
Australië
83%
Australië
83%
Australië
83%
Australië
83%
Bolivia
83%
Brazilië
83%
Brazilië
83%
Brazilië
83%
Brazilië
83%
Brazilië
83%
Brazilië
83%
Brazilië
83%
Brazilië
83%
Brazilië
83%
Brazilië
83%
Canada
83%
Canada
83%
Canada
83%
Canada
83%
Canada
83%
China
83%
China
83%
China
83%
China
83%
China
83%
China
83%
China
83%
China
83%
China
83%
China
83%
China
83%
China
83%
China
83%
Denemarken
83%
Denemarken
83%
Denemarken
83%
Denemarken
83%
Estland
83%
Finland
83%
Finland
83%
India
83%
India
83%
Italië
83%
Japan
83%
Japan
83%
Jemen
83%
Kaapverdië
83%
Mexico
83%
Nigeria
83%
Peru
83%
Peru
83%
Rusland
83%
Rusland
83%
Rusland
83%
Rusland
83%
Rusland
83%
Rusland
83%
Rusland
83%
Rusland
83%
Rusland
83%
Rusland
83%
Rusland
83%
Rusland
83%
Rusland
83%
Rusland
83%
Rusland
83%
Rusland
83%
Rusland
83%
Rusland
83%
Saoedi-Arabië
83%
Spanje
83%
Turkije
83%
Turkije
83%
Verenigde Staten
83%
Verenigde Staten
83%
Zuid-Afrika
83%
Zweden
83%
Algerije
82%
Argentinië
82%
Argentinië
82%
Australië
82%
Australië
82%
Belarus
82%
Brazilië
82%
Brazilië
82%
Brazilië
82%
Brazilië
82%
Canada
82%
Canada
82%
Canada
82%
Canada
82%
Canada
82%
Canada
82%
Chili
82%
Chili
82%
China
82%
China
82%
China
82%
China
82%
China
82%
China
82%
Colombia
82%
Cuba
82%
Denemarken
82%
Denemarken
82%
Denemarken
82%
Denemarken
82%
Denemarken
82%
Denemarken
82%
Egypte
82%
Egypte
82%
Egypte
82%
Frankrijk
82%
India
82%
Italië
82%
Italië
82%
Japan
82%
Mexico
82%
Mexico
82%
Mexico
82%
Mongolië
82%
Nederland
82%
Noorwegen
82%
Oman
82%
Peru
82%
Peru
82%
Rusland
82%
Rusland
82%
Rusland
82%
Rusland
82%
Rusland
82%
Rusland
82%
Rusland
82%
Rusland
82%
Rusland
82%
Rusland
82%
Venezuela
82%
Verenigde Staten
82%
Verenigde Staten
82%
Argentinië
81%
Australië
81%
Australië
81%
Australië
81%
Australië
81%
Australië
81%
Australië
81%
Australië
81%
Brazilië
81%
Brazilië
81%
Brazilië
81%
Canada
81%
Chili
81%
China
81%
China
81%
China
81%
China
81%
China
81%
China
81%
China
81%
China
81%
China
81%
Denemarken
81%
Denemarken
81%
Frankrijk
81%
Frankrijk
81%
India
81%
India
81%
India
81%
India
81%
India
81%
Indonesië
81%
Marokko
81%
Marokko
81%
Peru
81%
Rusland
81%
Rusland
81%
Rusland
81%
Rusland
81%
Rusland
81%
Rusland
81%
Rusland
81%
Rusland
81%
Rusland
81%
Rusland
81%
Saoedi-Arabië
81%
Zuid-Afrika
81%
Zweden
81%
Algerije
80%
Argentinië
80%
Argentinië
80%
Australië
80%
Australië
80%
Australië
80%
Australië
80%
Brazilië
80%
Brazilië
80%
Brazilië
80%
Brazilië
80%
Brazilië
80%
Canada
80%
Canada
80%
China
80%
China
80%
China
80%
China
80%
China
80%
China
80%
China
80%
Denemarken
80%
Denemarken
80%
Denemarken
80%
Denemarken
80%
Finland
80%
Frankrijk
80%
Griekenland
80%
Haïti
80%
IJsland
80%
India
80%
India
80%
India
80%
India
80%
Indonesië
80%
Israël
80%
Japan
80%
Japan
80%
Kazachstan
80%
Kazachstan
80%
Kazachstan
80%
Letland
80%
Mongolië
80%
Noorwegen
80%
Rusland
80%
Rusland
80%
Rusland
80%
Rusland
80%
Rusland
80%
Rusland
80%
Rusland
80%
Rusland
80%
Rusland
80%
Rusland
80%
Rusland
80%
Rusland
80%
Rusland
80%
Rusland
80%
Rusland
80%
Spanje
80%
Verenigde Staten
80%
Verenigde Staten
80%
Verenigd Koninkrijk
80%
Zuid-Afrika
80%
Zuid-Afrika
80%
Argentinië
79%
Argentinië
79%
Australië
79%
Australië
79%
Australië
79%
Australië
79%
Bolivia
79%
Brazilië
79%
Brazilië
79%
Brazilië
79%
Brazilië
79%
Brazilië
79%
Brazilië
79%
Brazilië
79%
Brazilië
79%
Brazilië
79%
Canada
79%
Canada
79%
Chili
79%
China
79%
China
79%
China
79%
China
79%
China
79%
China
79%
China
79%
China
79%
China
79%
China
79%
Cuba
79%
Denemarken
79%
Denemarken
79%
Denemarken
79%
Duitsland
79%
Egypte
79%
Estland
79%
Frankrijk
79%
Griekenland
79%
Guatemala
79%
IJsland
79%
India
79%
India
79%
India
79%
Japan
79%
Kaapverdië
79%
Letland
79%
Libië
79%
Mexico
79%
Mexico
79%
Noord-Korea
79%
Rusland
79%
Rusland
79%
Rusland
79%
Rusland
79%
Rusland
79%
Rusland
79%
Rusland
79%
Rusland
79%
Rusland
79%
Rusland
79%
Rusland
79%
Rusland
79%
Rusland
79%
Rusland
79%
Rusland
79%
Rusland
79%
Rusland
79%
Rusland
79%
Rusland
79%
Turkije
79%
Uruguay
79%
Zwitserland
79%
Argentinië
78%
Australië
78%
Australië
78%
Bolivia
78%
Chili
78%
China
78%
China
78%
China
78%
China
78%
China
78%
Cuba
78%
Denemarken
78%
Denemarken
78%
India
78%
India
78%
India
78%
India
78%
Indonesië
78%
Marokko
78%
Marokko
78%
Mexico
78%
Mongolië
78%
Polen
78%
Republiek Congo
78%
Rusland
78%
Rusland
78%
Thailand
78%
Turkije
78%
Zuid-Afrika
78%
Zwitserland
78%
Argentinië
77%
Australië
77%
Australië
77%
Australië
77%
Australië
77%
Brazilië
77%
Brazilië
77%
China
77%
China
77%
Costa Rica
77%
Denemarken
77%
Duitsland
77%
India
77%
India
77%
Indonesië
77%
Litouwen
77%
Mongolië
77%
Oekraïne
77%
Paraguay
77%
Polen
77%
Rusland
77%
Rusland
77%
Rusland
77%
Thailand
77%
Tunesië
77%
Venezuela
77%
Zuid-Afrika
77%
Zweden
77%
Argentinië
76%
Australië
76%
Brazilië
76%
China
76%
China
76%
China
76%
China
76%
China
76%
China
76%
Denemarken
76%
Egypte
76%
India
76%
India
76%
India
76%
Indonesië
76%
Indonesië
76%
Japan
76%
Jemen
76%
Madagaskar
76%
Mexico
76%
Mexico
76%
Mongolië
76%
Paraguay
76%
Peru
76%
Rusland
76%
Rusland
76%
Rusland
76%
Saoedi-Arabië
76%
Somalië
76%
Sri Lanka
76%
Suriname
76%
Turkije
76%
Turkije
76%
Turkije
76%
Vietnam
76%
Zuid-Korea
76%
Algerije
75%
Algerije
75%
Australië
75%
Australië
75%
Australië
75%
Australië
75%
Australië
75%
Australië
75%
Australië
75%
Brazilië
75%
Brazilië
75%
Brazilië
75%
Canada
75%
Canada
75%
China
75%
China
75%
China
75%
China
75%
Colombia
75%
Colombia
75%
Democratische Republiek Congo
75%
Denemarken
75%
Denemarken
75%
Denemarken
75%
Denemarken
75%
Denemarken
75%
Denemarken
75%
Denemarken
75%
Denemarken
75%
Egypte
75%
Finland
75%
Finland
75%
Frankrijk
75%
India
75%
Indonesië
75%
Indonesië
75%
Japan
75%
Kazachstan
75%
Libië
75%
Libië
75%
Madagaskar
75%
Mali
75%
Mexico
75%
Mongolië
75%
Nieuw-Zeeland
75%
Niger
75%
Oekraïne
75%
Oekraïne
75%
Oekraïne
75%
Polen
75%
Rusland
75%
Rusland
75%
Rusland
75%
Rusland
75%
Rusland
75%
Rusland
75%
Rusland
75%
Rusland
75%
Rusland
75%
San Marino
75%
Saoedi-Arabië
75%
Slovenië
75%
Venezuela
75%
Verenigde Staten
75%
Vietnam
75%
Australië
74%
Australië
74%
China
74%
China
74%
China
74%
Denemarken
74%
Griekenland
74%
Indonesië
74%
Japan
74%
Jemen
74%
Letland
74%
Madagaskar
74%
Mexico
74%
Oekraïne
74%
Paraguay
74%
Peru
74%
Polen
74%
Rusland
74%
Spanje
74%
Tunesië
74%
Turkije
74%
Venezuela
74%
Algerije
73%
Algerije
73%
Argentinië
73%
Argentinië
73%
Argentinië
73%
Australië
73%
Australië
73%
Australië
73%
Australië
73%
Australië
73%
Bolivia
73%
Brazilië
73%
Canada
73%
Canada
73%
Chili
73%
China
73%
China
73%
China
73%
China
73%
China
73%
China
73%
Colombia
73%
Denemarken
73%
Denemarken
73%
Denemarken
73%
Filipijnen
73%
India
73%
India
73%
Indonesië
73%
Kazachstan
73%
Libië
73%
Marokko
73%
Marokko
73%
Mongolië
73%
Noorwegen
73%
Pakistan
73%
Panama
73%
Peru
73%
Rusland
73%
Rusland
73%
Turkije
73%
Turkije
73%
Uruguay
73%
Verenigde Staten
73%
Argentinië
72%
Australië
72%
Australië
72%
Australië
72%
Australië
72%
Brazilië
72%
China
72%
China
72%
China
72%
China
72%
China
72%
Denemarken
72%
Denemarken
72%
Denemarken
72%
Denemarken
72%
Egypte
72%
India
72%
India
72%
Japan
72%
Mexico
72%
Nigeria
72%
Oman
72%
Rusland
72%
Saoedi-Arabië
72%
Soedan
72%
Sri Lanka
72%
Sri Lanka
72%
Zuid-Afrika
72%
Zuid-Afrika
72%
Algerije
71%
Australië
71%
Australië
71%
Australië
71%
Australië
71%
Australië
71%
Australië
71%
Australië
71%
Bahama's
71%
Brazilië
71%
Cambodja
71%
Chili
71%
China
71%
China
71%
China
71%
China
71%
Colombia
71%
Cuba
71%
Denemarken
71%
Denemarken
71%
Denemarken
71%
Egypte
71%
Griekenland
71%
Haïti
71%
Libië
71%
Libië
71%
Libië
71%
Marokko
71%
Mongolië
71%
Mongolië
71%
Mongolië
71%
Nieuw-Zeeland
71%
Niger
71%
Oekraïne
71%
Papoea-Nieuw-Guinea
71%
Polen
71%
Rusland
71%
Rusland
71%
Rusland
71%
Rusland
71%
Rusland
71%
Rusland
71%
Saoedi-Arabië
71%
Turkije
71%
Uruguay
71%
Venezuela
71%
Argentinië
70%
Argentinië
70%
Bolivia
70%
Brazilië
70%
China
70%
China
70%
China
70%
Democratische Republiek Congo
70%
Denemarken
70%
India
70%
Indonesië
70%
Indonesië
70%
Iran
70%
Libië
70%
Madagaskar
70%
Mongolië
70%
Mongolië
70%
Pakistan
70%
Rusland
70%
Rusland
70%
Rusland
70%
Rusland
70%
Saoedi-Arabië
70%
Saoedi-Arabië
70%
Verenigde Staten
70%
Algerije
69%
Argentinië
69%
Australië
69%
Australië
69%
Australië
69%
Australië
69%
Australië
69%
Bolivia
69%
Chili
69%
China
69%
China
69%
China
69%
China
69%
Colombia
69%
Democratische Republiek Congo
69%
Denemarken
69%
Ecuador
69%
Ethiopië
69%
Indonesië
69%
Indonesië
69%
Iran
69%
Kazachstan
69%
Kazachstan
69%
Libië
69%
Libië
69%
Libië
69%
Mongolië
69%
Mongolië
69%
Mozambique
69%
Myanmar
69%
Nepal
69%
Nieuw-Zeeland
69%
Noord-Korea
69%
Peru
69%
Peru
69%
Republiek Congo
69%
Rusland
69%
Rusland
69%
Saoedi-Arabië
69%
Somalië
69%
Somalië
69%
Turkije
69%
Venezuela
69%
Zuid-Korea
69%
Argentinië
68%
Belarus
68%
Bolivia
68%
Brazilië
68%
China
68%
China
68%
China
68%
Denemarken
68%
Denemarken
68%
Denemarken
68%
Egypte
68%
Indonesië
68%
Kazachstan
68%
Namibië
68%
Nigeria
68%
Noord-Korea
68%
Peru
68%
Peru
68%
Polen
68%
Polen
68%
Rusland
68%
Rusland
68%
Algerije
67%
Algerije
67%
Algerije
67%
Algerije
67%
Algerije
67%
Algerije
67%
Angola
67%
Australië
67%
Australië
67%
Belarus
67%
Bolivia
67%
Botswana
67%
Brazilië
67%
Canada
67%
China
67%
China
67%
China
67%
China
67%
China
67%
China
67%
China
67%
Colombia
67%
Costa Rica
67%
Cuba
67%
Democratische Republiek Congo
67%
Democratische Republiek Congo
67%
Denemarken
67%
Duitsland
67%
Ecuador
67%
Egypte
67%
Filipijnen
67%
Filipijnen
67%
India
67%
Indonesië
67%
Indonesië
67%
Irak
67%
Iran
67%
Iran
67%
Israël
67%
Italië
67%
Japan
67%
Kazachstan
67%
Kazachstan
67%
Kazachstan
67%
Laos
67%
Libië
67%
Maleisië
67%
Mali
67%
Mali
67%
Mauritanië
67%
Mongolië
67%
Myanmar
67%
Nepal
67%
Nieuw-Zeeland
67%
Nieuw-Zeeland
67%
Niger
67%
Oekraïne
67%
Papoea-Nieuw-Guinea
67%
Polen
67%
Roemenië
67%
Rusland
67%
Rusland
67%
Saoedi-Arabië
67%
Soedan
67%
Taiwan
67%
Tunesië
67%
Turkije
67%
Turkije
67%
Turkije
67%
Verenigde Staten
67%
Zuid-Afrika
67%
Algerije
65%
Angola
65%
Argentinië
65%
Argentinië
65%
Argentinië
65%
Argentinië
65%
Australië
65%
Brazilië
65%
China
65%
China
65%
China
65%
Colombia
65%
Democratische Republiek Congo
65%
Denemarken
65%
Ecuador
65%
Ethiopië
65%
Fiji
65%
India
65%
Indonesië
65%
Jemen
65%
Litouwen
65%
Madagaskar
65%
Mongolië
65%
Namibië
65%
Panama
65%
Paraguay
65%
Saoedi-Arabië
65%
Venezuela
65%
Vietnam
65%
Zuid-Afrika
65%
Algerije
64%
Algerije
64%
Australië
64%
Australië
64%
Australië
64%
Australië
64%
Australië
64%
Brazilië
64%
Brazilië
64%
Brazilië
64%
Chili
64%
China
64%
China
64%
China
64%
Colombia
64%
Democratische Republiek Congo
64%
Democratische Republiek Congo
64%
Guyana
64%
Haïti
64%
Hongarije
64%
India
64%
Indonesië
64%
Indonesië
64%
Indonesië
64%
Indonesië
64%
Indonesië
64%
Kazachstan
64%
Kazachstan
64%
Kazachstan
64%
Kazachstan
64%
Maleisië
64%
Mali
64%
Mongolië
64%
Mongolië
64%
Namibië
64%
Noord-Korea
64%
Rusland
64%
Saoedi-Arabië
64%
Saoedi-Arabië
64%
Syrië
64%
Tanzania
64%
Thailand
64%
Venezuela
64%
Verenigde Staten
64%
Zuid-Afrika
64%
Australië
63%
Australië
63%
Australië
63%
Australië
63%
Australië
63%
Brazilië
63%
Brazilië
63%
China
63%
China
63%
Djibouti
63%
Filipijnen
63%
India
63%
India
63%
Indonesië
63%
Indonesië
63%
Indonesië
63%
Indonesië
63%
Indonesië
63%
Iran
63%
Jemen
63%
Kazachstan
63%
Kazachstan
63%
Kenia
63%
Libië
63%
Libië
63%
Libië
63%
Mali
63%
Mozambique
63%
Nieuw-Zeeland
63%
Oman
63%
Pakistan
63%
Polen
63%
Portugal
63%
Soedan
63%
Tsjaad
63%
Turkije
63%
Venezuela
63%
Zuid-Afrika
63%
Zuid-Afrika
63%
Zuid-Korea
63%
Angola
62%
Argentinië
62%
Bolivia
62%
China
62%
China
62%
China
62%
Colombia
62%
Finland
62%
Irak
62%
Jamaica
62%
Kazachstan
62%
Lesotho
62%
Mongolië
62%
Nieuw-Zeeland
62%
Nieuw-Zeeland
62%
Nieuw-Zeeland
62%
Niger
62%
Oekraïne
62%
Oekraïne
62%
Oekraïne
62%
Oostenrijk
62%
Peru
62%
Rusland
62%
Rusland
62%
Saoedi-Arabië
62%
Saoedi-Arabië
62%
Somalië
62%
Tsjaad
62%
Vanuatu
62%
Venezuela
62%
Australië
61%
Belarus
61%
China
61%
Democratische Republiek Congo
61%
Democratische Republiek Congo
61%
Denemarken
61%
Ecuador
61%
Indonesië
61%
Iran
61%
Iran
61%
Kazachstan
61%
Kenia
61%
Libië
61%
Mongolië
61%
Nieuw-Zeeland
61%
Niger
61%
Peru
61%
Polen
61%
Roemenië
61%
Saoedi-Arabië
61%
Saoedi-Arabië
61%
Suriname
61%
Uruguay
61%
Afghanistan
60%
Afghanistan
60%
Albanië
60%
Algerije
60%
Argentinië
60%
Australië
60%
Bolivia
60%
China
60%
Colombia
60%
Cyprus
60%
Denemarken
60%
Ethiopië
60%
India
60%
Indonesië
60%
Indonesië
60%
Indonesië
60%
Iran
60%
Kazachstan
60%
Kazachstan
60%
Kazachstan
60%
Maleisië
60%
Mali
60%
Mozambique
60%
Myanmar
60%
Namibië
60%
Nigeria
60%
Pakistan
60%
Pakistan
60%
Peru
60%
Qatar
60%
Republiek Congo
60%
Saoedi-Arabië
60%
Soedan
60%
Spanje
60%
Thailand
60%
Venezuela
60%
Zuid-Korea
60%
Zuid-Korea
60%
Angola
59%
Argentinië
59%
China
59%
Denemarken
59%
Ethiopië
59%
Filipijnen
59%
Filipijnen
59%
Indonesië
59%
Irak
59%
Irak
59%
Iran
59%
Jemen
59%
Laos
59%
Libië
59%
Litouwen
59%
Mongolië
59%
Mongolië
59%
Mongolië
59%
Noord-Korea
59%
Papoea-Nieuw-Guinea
59%
Paraguay
59%
Peru
59%
Saoedi-Arabië
59%
Saoedi-Arabië
59%
Soedan
59%
Venezuela
59%
Algerije
58%
Algerije
58%
Algerije
58%
Angola
58%
Angola
58%
Bangladesh
58%
Bangladesh
58%
Belarus
58%
Belize
58%
Botswana
58%
Brazilië
58%
Brazilië
58%
China
58%
Colombia
58%
Colombia
58%
Denemarken
58%
Filipijnen
58%
Indonesië
58%
Indonesië
58%
Indonesië
58%
Iran
58%
Ivoorkust
58%
Kazachstan
58%
Kazachstan
58%
Kroatië
58%
Namibië
58%
Niger
58%
Nigeria
58%
Oekraïne
58%
Pakistan
58%
Tsjaad
58%
Algerije
57%
Algerije
57%
Argentinië
57%
Argentinië
57%
Australië
57%
Bolivia
57%
China
57%
China
57%
Colombia
57%
Colombia
57%
Democratische Republiek Congo
57%
Ecuador
57%
Ethiopië
57%
Filipijnen
57%
Frankrijk
57%
Georgië
57%
Guinee
57%
Indonesië
57%
Indonesië
57%
Iran
57%
Iran
57%
Kroatië
57%
Libië
57%
Libië
57%
Maldiven
57%
Marokko
57%
Mauritanië
57%
Mozambique
57%
Oekraïne
57%
Oman
57%
Pakistan
57%
Saoedi-Arabië
57%
Saoedi-Arabië
57%
Soedan
57%
Soedan
57%
Thailand
57%
Tsjaad
57%
Tunesië
57%
Vietnam
57%
Algerije
56%
Bolivia
56%
China
56%
Democratische Republiek Congo
56%
Democratische Republiek Congo
56%
Egypte
56%
Filipijnen
56%
Griekenland
56%
Guyana
56%
Indonesië
56%
Kazachstan
56%
Kazachstan
56%
Kazachstan
56%
Kazachstan
56%
Kazachstan
56%
Mali
56%
Mongolië
56%
Mongolië
56%
Namibië
56%
Niger
56%
Nigeria
56%
Nigeria
56%
Oeganda
56%
Oman
56%
Pakistan
56%
Paraguay
56%
Paraguay
56%
Peru
56%
Roemenië
56%
Saoedi-Arabië
56%
Saoedi-Arabië
56%
Saoedi-Arabië
56%
Soedan
56%
Soedan
56%
Tsjaad
56%
Zuid-Afrika
56%
Algerije
55%
Bahama's
55%
Colombia
55%
Ethiopië
55%
Iran
55%
Iran
55%
Kazachstan
55%
Kazachstan
55%
Kazachstan
55%
Kazachstan
55%
Kroatië
55%
Libië
55%
Luxemburg
55%
Mongolië
55%
Oeganda
55%
Oezbekistan
55%
Oostenrijk
55%
Papoea-Nieuw-Guinea
55%
Tanzania
55%
Thailand
55%
Tsjaad
55%
Australië
54%
Australië
54%
Bolivia
54%
Bolivia
54%
Botswana
54%
Democratische Republiek Congo
54%
Democratische Republiek Congo
54%
India
54%
Mauritanië
54%
Moldavië
54%
Mozambique
54%
Myanmar
54%
Qatar
54%
Republiek Congo
54%
Taiwan
54%
Tsjaad
54%
Algerije
53%
Armenië
53%
Bahama's
53%
Bosnië en Herzegovina
53%
Botswana
53%
China
53%
China
53%
China
53%
Democratische Republiek Congo
53%
Democratische Republiek Congo
53%
Democratische Republiek Congo
53%
Eritrea
53%
Filipijnen
53%
Guyana
53%
Hongarije
53%
Indonesië
53%
Irak
53%
Irak
53%
Iran
53%
Jordanië
53%
Kazachstan
53%
Kazachstan
53%
Libië
53%
Liechtenstein
53%
Maleisië
53%
Maleisië
53%
Mauritanië
53%
Mauritanië
53%
Mexico
53%
Mozambique
53%
Namibië
53%
Namibië
53%
Nieuw-Zeeland
53%
Niger
53%
Nigeria
53%
Papoea-Nieuw-Guinea
53%
Paraguay
53%
Polen
53%
Senegal
53%
Somalië
53%
Somalië
53%
Syrië
53%
Thailand
53%
Verenigde Staten
53%
Zuid-Soedan
53%
Zuid-Soedan
53%
Filipijnen
52%
Ghana
52%
Jemen
52%
Libië
52%
Marokko
52%
Mauritius
52%
Myanmar
52%
Oekraïne
52%
Portugal
52%
Saoedi-Arabië
52%
Sao Tome en Principe
52%
Syrië
52%
Taiwan
52%
Algerije
50%
Angola
50%
Angola
50%
Angola
50%
Argentinië
50%
Belarus
50%
Bolivia
50%
Botswana
50%
Brazilië
50%
Burkina Faso
50%
Centraal-Afrikaanse Republiek
50%
Colombia
50%
Colombia
50%
Democratische Republiek Congo
50%
Democratische Republiek Congo
50%
Democratische Republiek Congo
50%
Denemarken
50%
Duitsland
50%
Egypte
50%
El Salvador
50%
Ethiopië
50%
Ethiopië
50%
Honduras
50%
India
50%
Indonesië
50%
Indonesië
50%
Indonesië
50%
Indonesië
50%
Indonesië
50%
Iran
50%
Iran
50%
Iran
50%
Ivoorkust
50%
Ivoorkust
50%
Kazachstan
50%
Kazachstan
50%
Kazachstan
50%
Kazachstan
50%
Kazachstan
50%
Kazachstan
50%
Kazachstan
50%
Kazachstan
50%
Kazachstan
50%
Mali
50%
Mauritanië
50%
Mauritanië
50%
Myanmar
50%
Namibië
50%
Namibië
50%
Nepal
50%
Nepal
50%
Nigeria
50%
Noord-Korea
50%
Oekraïne
50%
Oman
50%
Oostenrijk
50%
Pakistan
50%
Papoea-Nieuw-Guinea
50%
Peru
50%
Republiek Congo
50%
Roemenië
50%
Saoedi-Arabië
50%
Senegal
50%
Sierra Leone
50%
Soedan
50%
Suriname
50%
Tanzania
50%
Tanzania
50%
Thailand
50%
Thailand
50%
Thailand
50%
Togo
50%
Tsjaad
50%
Tsjaad
50%
Venezuela
50%
Venezuela
50%
Venezuela
50%
Vietnam
50%
Vietnam
50%
Zimbabwe
50%
Zimbabwe
50%
Algerije
48%
Bolivia
48%
Democratische Republiek Congo
48%
Democratische Republiek Congo
48%
Ethiopië
48%
Indonesië
48%
Kaapverdië
48%
Kazachstan
48%
Kazachstan
48%
Libië
48%
Mali
48%
Mauritanië
48%
Senegal
48%
Slovenië
48%
Soedan
48%
Vietnam
48%
Afghanistan
47%
Afghanistan
47%
Afghanistan
47%
Algerije
47%
Andorra
47%
Azerbeidzjan
47%
Bosnië en Herzegovina
47%
Botswana
47%
Cyprus
47%
Ecuador
47%
Georgië
47%
India
47%
Indonesië
47%
Kameroen
47%
Kazachstan
47%
Kazachstan
47%
Kroatië
47%
Mongolië
47%
Myanmar
47%
Namibië
47%
Papoea-Nieuw-Guinea
47%
Roemenië
47%
Rwanda
47%
Sierra Leone
47%
Singapore
47%
Somalië
47%
Thailand
47%
Tsjaad
47%
Tsjaad
47%
Tsjaad
47%
Tsjechië
47%
Zimbabwe
47%
Zuid-Soedan
47%
Algerije
46%
Bulgarije
46%
Moldavië
46%
Namibië
46%
Soedan
46%
Soedan
46%
Soedan
46%
Somalië
46%
Syrië
46%
Togo
46%
Bahama's
45%
Denemarken
45%
Guyana
45%
Iran
45%
Iran
45%
Iran
45%
Iran
45%
Ivoorkust
45%
Ivoorkust
45%
Ivoorkust
45%
Litouwen
45%
Maleisië
45%
Mali
45%
Mozambique
45%
Niger
45%
Niger
45%
Niger
45%
Nigeria
45%
Soedan
45%
Somalië
45%
Somalië
45%
Tanzania
45%
Tsjaad
45%
Tsjechië
45%
Venezuela
45%
Verenigde Arabische Emiraten
45%
Zambia
45%
Angola
44%
Australië
44%
Chili
44%
China
44%
Comoren
44%
Eritrea
44%
Ethiopië
44%
Ethiopië
44%
Honduras
44%
India
44%
Indonesië
44%
Kazachstan
44%
Libië
44%
Mali
44%
Mali
44%
Malta
44%
Mauritanië
44%
Mauritanië
44%
Mauritanië
44%
Mozambique
44%
Namibië
44%
Nicaragua
44%
Oekraïne
44%
Panama
44%
Saoedi-Arabië
44%
Servië
44%
Soedan
44%
Spanje
44%
Tanzania
44%
Thailand
44%
Togo
44%
Tsjaad
44%
Tsjaad
44%
Venezuela
44%
Zambia
44%
Botswana
43%
Democratische Republiek Congo
43%
Ethiopië
43%
Irak
43%
Iran
43%
Kazachstan
43%
Libië
43%
Libië
43%
Namibië
43%
Niger
43%
Soedan
43%
Turkije
43%
Vietnam
43%
Zuid-Soedan
43%
Algerije
42%
Bulgarije
42%
Filipijnen
42%
Kazachstan
42%
Kazachstan
42%
Laos
42%
Libië
42%
Nicaragua
42%
Niger
42%
Oekraïne
42%
Panama
42%
Roemenië
42%
Soedan
42%
Soedan
42%
Soedan
42%
Somalië
42%
Thailand
42%
Tsjaad
42%
Zambia
42%
Zimbabwe
42%
Zuid-Soedan
42%
Afghanistan
41%
Azerbeidzjan
41%
Bulgarije
41%
Centraal-Afrikaanse Republiek
41%
Eritrea
41%
Fiji
41%
Guatemala
41%
Israël
41%
Kazachstan
41%
Kazachstan
41%
Libië
41%
Mauritanië
41%
Moldavië
41%
Niger
41%
Nigeria
41%
Oost-Timor
41%
Afghanistan
40%
Algerije
40%
Algerije
40%
Algerije
40%
Angola
40%
Bahrein
40%
Bolivia
40%
Bulgarije
40%
Democratische Republiek Congo
40%
Democratische Republiek Congo
40%
Democratische Republiek Congo
40%
Egypte
40%
Ethiopië
40%
Filipijnen
40%
Ghana
40%
Guyana
40%
Honduras
40%
Irak
40%
Iran
40%
Kirgizië
40%
Kirgizië
40%
Libië
40%
Mali
40%
Mauritanië
40%
Montenegro
40%
Namibië
40%
Oezbekistan
40%
Pakistan
40%
Papoea-Nieuw-Guinea
40%
Senegal
40%
Soedan
40%
Angola
39%
Cambodja
39%
Cambodja
39%
Dominicaanse Republiek
39%
Jordanië
39%
Libië
39%
Nicaragua
39%
Noord-Macedonië
39%
Papoea-Nieuw-Guinea
39%
Saoedi-Arabië
39%
Seychellen
39%
Soedan
39%
Soedan
39%
Somalië
39%
Tanzania
39%
Tsjaad
39%
Tsjaad
39%
Vietnam
39%
Vietnam
39%
Algerije
38%
Botswana
38%
Burkina Faso
38%
Centraal-Afrikaanse Republiek
38%
Democratische Republiek Congo
38%
Democratische Republiek Congo
38%
Dominica
38%
Eswatini
38%
Ethiopië
38%
Ethiopië
38%
Ghana
38%
Irak
38%
Iran
38%
Iran
38%
Kameroen
38%
Kameroen
38%
Kenia
38%
Laos
38%
Libanon
38%
Mali
38%
Mali
38%
Mali
38%
Mozambique
38%
Mozambique
38%
Myanmar
38%
Myanmar
38%
Myanmar
38%
Niger
38%
Nigeria
38%
Paraguay
38%
Roemenië
38%
Syrië
38%
Tanzania
38%
Turkmenistan
38%
Vanuatu
38%
Zimbabwe
38%
Zuid-Soedan
38%
Zuid-Soedan
38%
Zuid-Soedan
38%
Afghanistan
37%
Kenia
37%
Libië
37%
Mauritanië
37%
Oman
37%
Algerije
36%
Angola
36%
Angola
36%
Angola
36%
Angola
36%
Georgië
36%
Guatemala
36%
Iran
36%
Iran
36%
Iran
36%
Kazachstan
36%
Kazachstan
36%
Kirgizië
36%
Liberia
36%
Liberia
36%
Malawi
36%
Mauritanië
36%
Micronesia
36%
Niger
36%
Niger
36%
Oezbekistan
36%
Oezbekistan
36%
Tanzania
36%
Tsjechië
36%
Turkmenistan
36%
Zambia
36%
Zambia
36%
Algerije
35%
Angola
35%
Benin
35%
Kazachstan
35%
Kenia
35%
Laos
35%
Mauritanië
35%
Micronesia
35%
Myanmar
35%
Pakistan
35%
Salomonseilanden
35%
Tsjaad
35%
Zuid-Soedan
35%
Afghanistan
33%
Albanië
33%
Bangladesh
33%
Bolivia
33%
Bosnië en Herzegovina
33%
Botswana
33%
Centraal-Afrikaanse Republiek
33%
Democratische Republiek Congo
33%
Democratische Republiek Congo
33%
Democratische Republiek Congo
33%
Eritrea
33%
Hongarije
33%
Kameroen
33%
Kenia
33%
Malawi
33%
Mali
33%
Marokko
33%
Mauritanië
33%
Mauritanië
33%
Mauritanië
33%
Mongolië
33%
Namibië
33%
Niger
33%
Oeganda
33%
Oeganda
33%
Oeganda
33%
Pakistan
33%
Papoea-Nieuw-Guinea
33%
Paraguay
33%
Saint Kitts en Nevis
33%
Salomonseilanden
33%
Sao Tome en Principe
33%
Servië
33%
Slowakije
33%
Tanzania
33%
Tanzania
33%
Thailand
33%
Turkmenistan
33%
Afghanistan
32%
Gabon
32%
Iran
32%
Kazachstan
32%
Kenia
32%
Kenia
32%
Kiribati
32%
Mozambique
32%
Mozambique
32%
Myanmar
32%
Namibië
32%
Pakistan
32%
Pakistan
32%
Papoea-Nieuw-Guinea
32%
Verenigde Arabische Emiraten
32%
Bangladesh
31%
Botswana
31%
Fiji
31%
Jamaica
31%
Kazachstan
31%
Kazachstan
31%
Kiribati
31%
Koeweit
31%
Micronesia
31%
Niger
31%
Nigeria
31%
Oezbekistan
31%
Pakistan
31%
Republiek Congo
31%
Salomonseilanden
31%
Senegal
31%
Soedan
31%
Soedan
31%
Tsjechië
31%
Armenië
30%
Centraal-Afrikaanse Republiek
30%
Eritrea
30%
Iran
30%
Kazachstan
30%
Kenia
30%
Nigeria
30%
Slowakije
30%
Turkmenistan
30%
Turkmenistan
30%
Verenigd Koninkrijk
30%
Zambia
30%
Zuid-Soedan
30%
Azerbeidzjan
29%
Centraal-Afrikaanse Republiek
29%
Frankrijk
29%
Gabon
29%
Ghana
29%
Guinee
29%
Jemen
29%
Jordanië
29%
Kameroen
29%
Kazachstan
29%
Kazachstan
29%
Kenia
29%
Kosovo
29%
Micronesia
29%
Mozambique
29%
Nederland
29%
Nicaragua
29%
Oezbekistan
29%
Oezbekistan
29%
Oman
29%
Papoea-Nieuw-Guinea
29%
Portugal
29%
Republiek Congo
29%
Soedan
29%
Tadzjikistan
29%
Turkmenistan
29%
Zimbabwe
29%
Angola
28%
Centraal-Afrikaanse Republiek
28%
Gambia
28%
Ghana
28%
Guinee-Bissau
28%
Kazachstan
28%
Mali
28%
Mauritanië
28%
Oezbekistan
28%
Dominicaanse Republiek
27%
Duitsland
27%
Gambia
27%
Hongarije
27%
Iran
27%
Kameroen
27%
Mali
27%
Myanmar
27%
Niger
27%
Nigeria
27%
Oezbekistan
27%
Oost-Timor
27%
Pakistan
27%
Republiek Congo
27%
Samoa
27%
Soedan
27%
Soedan
27%
Tonga
27%
Tsjaad
27%
Tsjaad
27%
Vanuatu
27%
Verenigd Koninkrijk
27%
Bhutan
26%
Mali
26%
Myanmar
26%
Oekraïne
26%
Oezbekistan
26%
Soedan
26%
Trinidad en Tobago
26%
Burundi
25%
Democratische Republiek Congo
25%
Equatoriaal-Guinea
25%
Frankrijk
25%
Gabon
25%
Kazachstan
25%
Kazachstan
25%
Kazachstan
25%
Kenia
25%
Marshalleilanden
25%
Myanmar
25%
Niger
25%
Oezbekistan
25%
Papoea-Nieuw-Guinea
25%
Tadzjikistan
25%
Tanzania
25%
Tsjaad
25%
Tsjaad
25%
Turkmenistan
25%
Venezuela
25%
Zambia
25%
Burkina Faso
24%
Kazachstan
24%
Oezbekistan
24%
Tadzjikistan
24%
Tanzania
24%
Zambia
24%
Zimbabwe
24%
Angola
23%
Azerbeidzjan
23%
Centraal-Afrikaanse Republiek
23%
Kiribati
23%
Laos
23%
Marshalleilanden
23%
Tanzania
23%
Antigua en Barbuda
22%
Equatoriaal-Guinea
22%
Ethiopië
22%
Gabon
22%
Guinee
22%
Iran
22%
Kameroen
22%
Kirgizië
22%
Oezbekistan
22%
Soedan
22%
Somalië
22%
Tadzjikistan
22%
Turkmenistan
22%
Zuid-Soedan
22%
Afghanistan
21%
Angola
21%
Frankrijk
21%
Guinee
21%
Kameroen
21%
Pakistan
21%
Saint Vincent en de Grenadines
21%
Salomonseilanden
21%
Turkmenistan
21%
Venezuela
21%
Botswana
20%
Centraal-Afrikaanse Republiek
20%
Jemen
20%
Kazachstan
20%
Salomonseilanden
20%
Tadzjikistan
20%
Turkmenistan
20%
Centraal-Afrikaanse Republiek
19%
Mauritanië
19%
Nauru
19%
Saint Lucia
19%
Turkmenistan
19%
Benin
18%
Frankrijk
18%
Irak
18%
Mali
18%
Pakistan
18%
Saint Kitts en Nevis
18%
Salomonseilanden
18%
Tadzjikistan
18%
Tanzania
18%
Verenigd Koninkrijk
18%
Zambia
18%
Zambia
18%
Guinee-Bissau
17%
Palau
17%
Portugal
17%
Servië
17%
Soedan
17%
Zuid-Soedan
17%
Angola
15%
Brunei
15%
Malawi
15%
Vanuatu
15%
Benin
14%
Nigeria
14%
Slowakije
14%
Turkmenistan
14%
Burkina Faso
13%
Frankrijk
13%
Frankrijk
13%
Kazachstan
13%
Marshalleilanden
13%
Mauritanië
13%
Myanmar
13%
Samoa
13%
Turkmenistan
13%
Tuvalu
13%
Afghanistan
12%
Benin
11%
Kirgizië
11%
Mozambique
11%
Zambia
11%
Afghanistan
10%
Grenada
10%
Salomonseilanden
10%
Centraal-Afrikaanse Republiek
9%
Centraal-Afrikaanse Republiek
9%
Oostenrijk
9%
Salomonseilanden
9%
Verenigde Arabische Emiraten
9%
Zambia
9%
Gabon
8%
Kameroen
8%
Mauritanië
8%
Vanuatu
8%
Guinee
7%
Kirgizië
7%
Soedan
7%
Trinidad en Tobago
7%
Zambia
7%
Oezbekistan
6%
Tanzania
6%
Barbados
5%
Burkina Faso
5%
Palau
5%
Antigua en Barbuda
0%
Kiribati
0%
Nederland
0%
Papoea-Nieuw-Guinea
0%
Salomonseilanden
0%
Turkmenistan
0%

Scoreverdeling

Percentiel versus Aantal Correcte Antwoorden

Procent van Mensen met Elke Score

Uw Scoregeschiedenis

U heeft deze quiz nog niet genomen